Ships & boats

Bibliographic Details
Format: Book
Published: London : Grandreams , 2004
Subjects:

MARC

LEADER 00000cam a2200000 7i4500
001 0000007688
005 20151222.0
008 070905
020 |a 0755434102 
090 0 0 |a TRA   |b ENG 
245 1 0 |a Ships & boats 
260 |a London :   |b Grandreams ,   |c 2004 
500 |a Children ages 10-12 years old (pink) 
650 0 |a Transportation   |x Juvenile literature 
999 |a 0000990718   |b Book   |c Children Collection   |e Cawangan Tmn. Ungku Tun Aminah 
999 |a 0000990719   |b Book   |c Children Collection   |e Perbadanan Perpustakaan Awam Johor 
999 |a 0000990720   |b Book   |c Children Collection   |e Perbadanan Perpustakaan Awam Johor 
999 |a 0001198477   |b Book   |c Children Collection   |e Cawangan Pontian